000 00884nam a2200217Ia 4500
003 Ost
005 20260507074858.0
008 260507s9999||||xx |||||||||||||| ||und||
020 _a9776190057
040 _cfsecg
041 _aara
100 _aالصاوي، ياسر
_eمؤلف
245 0 _aإدارة المعرفة وتكنولوجيا المعلومات /
_c ياسر الصاوي
260 _aالقاهرة:
_bدار السحاب للنشر و التوزيع,
_c2007
300 _a109 صفحة؛
_bإيضاحات ؛
_c25 سم
504 _aبيبليوغرافيا: ص.147
520 _aيضم إدارة المعرفة، مجتمع المعرفة، استخدام تكنولوجيا المعلومات في مؤسسات التعليم المفتوح.
653 _aإدارة المعرفة
653 _aتكنولوجيا المعلومات
942 _cكتاب
999 _c41630
_d41630